000
00280nam a2200097Ia 4500
001
689266
005
20250826161631.0
008
250824s9999 xx 000 0 und d
245
0
_a
BÜYÜK UMUTLAR (ANTİK DÜNYA KLASİKLERİ)
_c
CHARLES DİCKENS
260
_b
ANTİK DÜNYA KLASİKLERİ
999
_c
689266
_d
689266